Obras oratorias del iltmo. y revmo. señor doctor don Mariano Casanova, arzobispo de Santiago de Chile. Publicadas a beneficio de la conclusión del templo del Salvador en esta capital, y precedidas de un prólogo por el presbítero don Rodolfo Vergara Antúnez

Spremljeno u:
Bibliografski detalji
Glavni autor: Casanova, Mariano (Autor)
Format: Knjiga
Jezik:španjolski
Izdano: Santiago Imprenta Cervantes 1891
Izdanje:1a. ed
Teme:
Oznake: Dodaj oznaku
Bez oznaka, Budi prvi tko označuje ovaj zapis!

MARC

LEADER 00000nam a2200000 a 4500
001 UCJ6273
003 CL-VaPUC
008 070124e18910000CL |||||||||||||||||spa|d
082 0 4 |a 251  |b CAS  |2 21 
100 0 |a Casanova, Mariano  |e author  |9 393477 
245 1 0 |a Obras oratorias del iltmo. y revmo. señor doctor don Mariano Casanova, arzobispo de Santiago de Chile. Publicadas a beneficio de la conclusión del templo del Salvador en esta capital, y precedidas de un prólogo por el presbítero don Rodolfo Vergara Antúnez 
250 |a 1a. ed 
300 |a xxi, 824 p 
942 |c BK 
945 |d 20070124 00:00:00  |a rinostro 
260 |a Santiago  |b Imprenta Cervantes  |c 1891 
500 |a Front.. Fotografía del Arzobispo Casanova, con su autógrafo y Escudo Arzobispal 
600 0 7 |a SEMINARIO SAN RAFAEL  |2 CL-VaPUC  |9 512712 
600 0 7 |a HOSPITAL DE LA CARIDAD  |2 CL-VaPUC  |9 512713 
600 0 7 |a ASILO DE SAN JOSE  |2 CL-VaPUC  |9 512714 
600 0 7 |a VERGARA ANTUNEZ, RODOLFO  |2 CL-VaPUC  |9 509711 
650 0 |a Oratoria sagrada  |9 315619 
650 0 |a Homilética  |9 478090 
650 0 |a Discursos   |9 265028 
650 0 |a Iglesia Católica  |9 256114 
650 7 |a HONRAS FUNEBRES  |2 CL-VaPUC  |9 504232 
650 7 |a INCENDIO DE LA COMPAÑIA  |2 CL-VaPUC  |9 445733 
650 7 |a TEMPLOS  |2 CL-VaPUC  |9 266644 
650 0 |a Beneficencia  |9 255180 
650 0 |a Guerra del Pacífico  |9 314886 
650 0 |a Iconografía   |9 267998 
651 7 |a IQUIQUE  |2 CL-VaPUC  |9 357757 
651 0 |a Valparaíso, Chile  |9 261144 
583 |a last modification  |c 20070124 00:00:00  |k Rodrigo Vera 
999 |c 322381  |d 322379 
952 |0 0  |1 0  |4 0  |6 251_000000000000000_CAS_1891  |7 0  |8 X  |9 401357  |a FDOBUD  |b FDOBUD  |d 2019-11-22  |i 1045989  |o 251 CAS 1891  |p 1045989  |r 2019-11-22  |w 2019-11-22  |y BK_X  |k BUD 
952 |0 0  |1 0  |4 0  |6 251_000000000000000_CAS_1891  |7 0  |8 X  |9 401358  |a FDOBUD  |b FDOBUD  |d 2019-11-22  |i 4635221  |o 251 CAS 1891  |p 4635221  |r 2019-11-22  |w 2019-11-22  |y BK_X  |k BUD